Reliez les Ministres de l'écologie à leur Président (Ve République) - Statistiques

Statistiques générales
  • Ce quiz a été pris 95 fois
  • Le résultat moyen est 8 sur 17
Statistiques - réponses
Hint Réponse % Correct
Christophe Béchu Emmanuel Macron
75%
Nicolas Hulot Emmanuel Macron
73%
Ségolène Royal François Hollande
73%
Nathalie Kosciusko-Morizet Nicolas Sarkozy
67%
Jean-Louis Borloo Nicolas Sarkozy
59%
Jacques Chaban-Delmas Georges Pompidou
58%
Barbara Pompili Emmanuel Macron
56%
Huguette Bouchardeau François Mitterrand
45%
Michel Crépeau François Mitterrand
44%
Corinne Lepage Jacques Chirac
42%
Roselyne Bachelot Jacques Chirac
41%
Dominique Voynet Jacques Chirac
40%
Nelly Olin Jacques Chirac
38%
André Jarrot Valéry Giscard d'Estaing
34%
Michel d'Ornano Valéry Giscard d'Estaing
33%
Pierre Méhaignerie François Mitterrand
21%
Michel Barnier François Mitterrand
15%
Aucun quiz correspondant
Distribution des résultats
% des personnes avec chaque résultat
Percentile par nombre de réponses
Votre historique - résultats
Vous n’avez pas pris ce quiz